Statistiques concernant QCM Harry Potter simple FRANCAIS

Cliquez ici pour prendre le quiz!

Statistiques générales

  • Ce quiz a été pris 3,402 fois
  • Le résultat moyen est 13 sur 15

Statistiques - réponses

Question Answer % Correct
Quel est le prénom de la mère d'Harry Potter ?Lily
99%
Quels sont les prénoms des jumeaux Weasley ?Fred et George
99%
Qui annonce à Harry qu'il est un sorcier ?Rubeus Hagrid
98%
Qui meurt durant la dernière épreuve du Tournoi des Trois Sorciers dans le tome 4 ?Cédric Diggory
98%
Quel est le nom du serpent de Voldemort ?Nagini
97%
Quel est le numéro de la plateforme du Poudlard Express ?9 3/4
95%
Lequel de ces personnages est un animagus ?Sirius Black
94%
Dans quelle gare part le Poudlard Express ?King's Cross
93%
Avec quel personnage Harry se marie-t-il et a-t-il des enfants ?Ginny Weasley
93%
Quel genre de créature est Dobby ?Un elfe de maison
91%
Qui a écrit la saga Harry Potter ?JK Rowling
89%
Laquelle de ses incantations est dite "impardonnable" ?Impero
88%
Dans quel maison est Luna Lovegood ?Serdaigle
83%
Quel est le poste d'Harry Potter au Quidditch ?Attrapeur
83%
Ou se trouve l'école de sorcier dans laquelle Harry et ses amis poursuivent leurs études ?En Ecosse
47%

Distribution des résultats

Percentile by Number Answered

% des personnes avec chaque résultat

Votre développement - résultats

Vous n’avez pas pris ce quiz